Sports Quiz

Random Sports or NHL Quiz

NHL Point Leaders by Team (2015-16) Quiz Stats

Quiz Updated May 29, 2016

Also try: NHL Original Six
Challenge
Share
Tweet
Embed
Score 0/30 Timer 10:00
1 Play Today
Team Player % Correct
Chicago BlackhawksPatrick Kane
92.7%
Pittsburgh PenguinsSidney Crosby
90.5%
Dallas StarsJamie Benn
81.9%
Anaheim DucksRyan Getzlaf
81.7%
New York IslandersJohn Tavares
76.7%
San Jose SharksJoe Thornton
75.8%
Vancouver CanucksDaniel Sedin
75.4%
Los Angeles KingsAnze Kopitar
75.3%
Edmonton OilersTaylor Hall
73.3%
Philadelphia FlyersClaude Giroux
73.1%
Boston BruinsPatrice Bergeron
72.1%
Florida PanthersJaromir Jagr
71.3%
St. Louis BluesVladimir Tarasenko
70.6%
Detroit Red WingsHenrik Zetterberg
68.6%
Ottawa SenatorsErik Karlsson
67.8%
Team Player % Correct
Calgary FlamesJohnny Gaudreau
63.2%
Colorado AvalancheMatt Duchene
61.9%
Montreal CanadiensMax Pacioretty
61.7%
Tampa Bay LightningNikita Kucherov
60.7%
Winnipeg JetsBlake Wheeler
57.4%
Nashville PredatorsFilip Forsberg
55.6%
Washington CapitalsEvgeny Kuznetsov
54.3%
Minnesota WildMikko Koivu
53%
Carolina HurricanesJeff Skinner
52.4%
Toronto Maple LeafsNazem Kadri
49.9%
Buffalo SabresRyan O'Reilly
48.9%
Arizona CoyotesOliver Ekman-Larsson
47.9%
New York RangersMats Zuccarello
45.3%
Columbus Blue JacketsBrandon Saad & Cam Atkinson
43.2%
New Jersey DevilsKyle Palmieri
25.5%

You're not logged in!

Compare scores with friends on all Sporcle quizzes.
Join for Free
OR
Log In

You Might Also Like...

Show Comments

Extras

Top Quizzes Today


Score Distribution

Your Account Isn't Verified!

In order to create a playlist on Sporcle, you need to verify the email address you used during registration. Go to your Sporcle Settings to finish the process.

Report this User

Report this user for behavior that violates our Community Guidelines.

Details: